000 00344nam a22001697a 4500
005 20260617092337.0
020 _a978-81-2344-720-9
041 _aEnglish
082 _aT10 R24 IBR
100 _aIbrahim.P
245 _aSuttrulaviyal
250 _a1
260 _aChennai
_bNCBH
_c2024
300 _a112
365 _b100.00
942 _cBK
999 _c177909
_d177909